000 00597nam a2200193Ia 4500
003 IN-BaIIA
008 211028s9999 xx 000 0 eng d
040 _cIIA Library
080 _a083.7:533.5
_bISI
110 _aIndian Standards Institution
245 0 _aIndian standard glossary of terms used in high vacuum technology
_cIndian Standards Institution
260 _aNew Delhi
_bIndian Standards Institution
_c1967
300 _a49p.
500 _aIS 4110 : 1967
650 _a High Vacuum Technology-Standards
_99143
650 _a Standards 
650 _aNASA Thesaurus 
942 _cBK
999 _c5157
_d5157